000
00245nam a2200097Ia 4500
001
683709
005
20250826161443.0
008
250824s9999 xx 000 0 und d
245
0
_a
KUŞLAR DA GİTTİ
_c
YAŞAR KEMAL
260
_b
YAPI KREDİ YAYINLARI
999
_c
683709
_d
683709